000 00310nam a22001337a 4500
008 180215b xxu||||| |||| 00| 0 eng d
020 _a9780073367774
041 _aeng
080 _a657
100 _a62
101 _aKON
245 _aFundamentals of Financial Accounting
_cEdmonds, TH.P
942 _2udc
_cBK
999 _c42591
_d42591